Ville de Belgique : Le Coq-sur-Mer - Statistiques

Statistiques générales
  • Ce quiz a été pris 11 fois
  • Le résultat moyen est 6 sur 16
Statistiques - réponses
Questions Réponses % Correct
Mer qui borde Le Coq. La Mer du Nord
100%
Province dans laquelle se situe Le Coq. La Flandre occidentale
70%
Scientifique qui séjourna pendant six mois au Coq en 1933, fuyant le régime national-socialiste allemand. Albert Einstein
60%
Ville située à douze kilomètres du Coq, sur la côte. Le précédent y présenta un concert de violon au "Kursaal", pendant son séjour au Coq. Le Coq fit à l'époque partie du district de cette ville si bien que ce sont des gendarmes de cette ville qui assurèrent la protection de ce scientifique pendant son séjour au Coq. Ostende
60%
La plage du Coq est la plus _____ du littoral belge : 12 km. Longue
50%
Nom néerlandais (flamand) du Coq. De Haan
40%
Moyen de transport en commun qui longe la côte belge depuis la frontière française jusqu'à la frontière néerlandaise. Il s'arrête au Coq, à une station qui a conservé son architecture d'époque. Le tram
40%
Sainte patronne du Coq et mère de saint Augustin d'Hippone. L'église de la station balnéaire porte son nom. Sainte Monique
40%
Artiste-peintre belge originaire de la ville précédente qui rencontra le savant (réponse #5) à l'hostellerie "Au Cœur volant", pendant l'exil de ce dernier au Coq, les deux hommes se liant alors d'amitié. Ce peintre est connu pour son monumental tableau "L'Entrée du Christ à Bruxelles". James Ensor
30%
Dramaturge britannique qui donna son nom à l'avenue dans laquelle se trouvait la "Villa Savoyarde" où logea le savant cité ci-dessus (réponse #5) pendant son séjour au Coq. William Shakespeare
30%
Dernière impératrice des Habsbourg d'Autriche qui séjourna également au Coq. Zita de Bourbon-Parme
30%
Ville balnéaire de la Gascogne, dans la forêt des Landes, qui servit de modèle à l'urbaniste Josef Stübben. Sur conseil du roi Léopold II, Stübben dessina les plans de construction d'une centaine de villas de style anglo-normand au Coq. Arcachon
10%
Auteur-compositeur interprète belge qui tourna au Coq quelques scènes de Franz, le premier de ses deux films en tant que réalisateur. Jacques Brel
10%
Chrononyme désignant la période allant de 1896 à 1914 caractérisée par le progrès technologique, les bonnes manières, la galanterie et l'optimisme socio-économique. Il s'agissait d'une période faste pour Le Coq-sur-Mer. Le festival "Trammelant" organisé au Coq, annuellement au début du mois d'août, évoque cette période. La Belle époque
10%
Ancêtre du vélo, doté d'une grande roue avant et d'une petite roue arrière. Les figurants du "Trammelant" enfourchent à nouveau ces engins l'espace d'une journée, alors qu'ils ont complètement disparu de la circulation depuis plus d'un siècle. Le grand bi
10%
Plante à fleur mauve dont le parfum évoque une odeur de violette. On peut en trouver dans la réserve naturelle "De Kijkuit", réserve de 150 hectares sur la commune du Coq. L'iris
10%
Aucun quiz correspondant
Distribution des résultats
% des personnes avec chaque résultat
Percentile par nombre de réponses
Votre historique - résultats
Vous n’avez pas pris ce quiz